Natale special-Recital natalizio (Record n. 102154)
[ formato base ]
| 000 -LEADER | |
|---|---|
| fixed length control field | 01149njm a2200301Ia 4500 |
| 001 - CONTROL NUMBER | |
| control field | 82908 |
| 003 - CONTROL NUMBER IDENTIFIER | |
| control field | IT-RoPAU |
| 005 - DATE AND TIME OF LATEST TRANSACTION | |
| control field | 20220918181151.0 |
| 008 - FIXED-LENGTH DATA ELEMENTS--GENERAL INFORMATION | |
| fixed length control field | 131025s9999 xx 000 0 und d |
| 040 ## - CATALOGING SOURCE | |
| Original cataloging agency | IT-RoPAU |
| 040 ## - CATALOGING SOURCE | |
| Transcribing agency | IT-RoPAU |
| 041 ## - LANGUAGE CODE | |
| Language code of text/sound track or separate title | ITALIANO |
| 999 ## - SYSTEM CONTROL NUMBERS (KOHA) | |
| Koha Dewey Subclass [OBSOLETE] | n.d. |
| 100 ## - MAIN ENTRY--PERSONAL NAME | |
| Personal name | Di Mario Angelo |
| 9 (RLIN) | 853 |
| 100 ## - MAIN ENTRY--PERSONAL NAME | |
| Relator term | Autore musica |
| 9 (RLIN) | 26171 |
| 100 ## - MAIN ENTRY--PERSONAL NAME | |
| Miscellaneous information | Codice autore musica SPICS: 10868 |
| 9 (RLIN) | 855 |
| 245 ## - TITLE STATEMENT | |
| Title | Natale special-Recital natalizio |
| 250 ## - EDITION STATEMENT | |
| Edition statement | 1a ed. |
| 260 ## - PUBLICATION, DISTRIBUTION, ETC. (IMPRINT) | |
| Place of publication, distribution, etc. | ALBANO |
| 260 ## - PUBLICATION, DISTRIBUTION, ETC. (IMPRINT) | |
| Name of publisher, distributor, etc. | EP - MUSICALI E DISCOGRAFICHE |
| Date of publication, distribution, etc. | 1989 [1a Ed.:1989 - Ed. Lingua Orig.: 1989] |
| 300 ## - PHYSICAL DESCRIPTION | |
| Extent | SPARTITO MUSICALE |
| 300 ## - PHYSICAL DESCRIPTION | |
| Dimensions | (Testo: 36 pag.) |
| 500 ## - GENERAL NOTE | |
| General note | Spartito musicale del recital natalizio |
| 505 ## - FORMATTED CONTENTS NOTE | |
| Formatted contents note | Abbracciamoci, è Natale - Tutto a posto, Gesù - Girotondo intorno all'alberello - Natale è poesia - Natale con i nonni - Natale con mamma e papà - E' nato un amore - Gloria gloria - Bandierine di Natale |
| 650 ## - SUBJECT ADDED ENTRY--TOPICAL TERM | |
| Topical term or geographic name as entry element | CANTI DI NATALE [SPARTITI MUSICALI] |
| Relator term | Codice MATERIA SPICS: 9953 |
| 9 (RLIN) | 26172 |
| 700 ## - ADDED ENTRY--PERSONAL NAME | |
| Personal name | Tombolato Pino |
| Relator term | Autore testo e musica |
| Miscellaneous information | Codice autore testo/musica SPICS: 10145 |
| 9 (RLIN) | 26173 |
| 942 ## - ADDED ENTRY ELEMENTS (KOHA) | |
| Koha item type | SPARTITI |
| Source of classification or shelving scheme | Dewey Decimal Classification |
| Withdrawn status | Lost status | Damaged status | Not for loan | Home library | Current library | Date acquired | Total Checkouts | Full call number | Date last seen | Price effective from | Koha item type | Public note |
|---|---|---|---|---|---|---|---|---|---|---|---|---|
| Buone Condizioni | Not For Loan | SPICS-MEDIATECA | SPICS-MEDIATECA | 25/10/2013 | 82908 | 25/10/2013 | 25/10/2013 | SPARTITI | Progr. Ins.: 20954 / N.Vol.: 1 / Copie: 1 - Copia rara: n.d. / date import: 01.01.2014 - By Epidotti, Trombetti, Vaglietti |